Health/Nursing Informatics and Technology (Computer for Nurses)Semester -II (Record no. 370160)
[ view plain ]
| 000 -LEADER | |
|---|---|
| fixed length control field | 01132nam a22002177a 4500 |
| 001 - CONTROL NUMBER | |
| control field | |
| 003 - CONTROL NUMBER IDENTIFIER | |
| control field | OSt |
| 005 - DATE AND TIME OF LATEST TRANSACTION | |
| control field | 20260127155814.0 |
| 008 - FIXED-LENGTH DATA ELEMENTS--GENERAL INFORMATION | |
| fixed length control field | 260127b |||||||| |||| 00| 0 eng d |
| 016 ## - NATIONAL BIBLIOGRAPHIC AGENCY CONTROL NUMBER | |
| Source | |
| 020 ## - INTERNATIONAL STANDARD BOOK NUMBER | |
| International Standard Book Number | 9789356961210 |
| 041 ## - LANGUAGE CODE | |
| Language code of text/sound track or separate title | Eng |
| 082 ## - DEWEY DECIMAL CLASSIFICATION NUMBER | |
| Edition number | 2nd |
| Classification number | 004.SRE |
| 100 ## - MAIN ENTRY--PERSONAL NAME | |
| Personal name | SREEVANI R |
| 245 ## - TITLE STATEMENT | |
| Title | Health/Nursing Informatics and Technology (Computer for Nurses)Semester -II |
| 260 ## - PUBLICATION, DISTRIBUTION, ETC. (IMPRINT) | |
| Place of publication, distribution, etc. | New Delhi |
| Name of publisher, distributor, etc. | Jaypee Brothers Medical Publishers |
| Date of publication, distribution, etc. | 2025 |
| 300 ## - PHYSICAL DESCRIPTION | |
| Extent | 236 P |
| 500 ## - GENERAL NOTE | |
| Keywords | A comprehensive textbook compiled as per the revised INC syllabus for undergraduate nursing students.<br/>Written in easy-to-understand language following a lucid style.<br/>Comprehensively covers all topics on 'Health/Nursing Informatics and Technology.<br/>Well-illustrated with tables and figures making it reader-friendly.<br/>Question bank provided at the end of each unit to improve self-evaluation and ensure robustness in various examinations.<br/>A life-long companion for basic nursing students and those pursuing higher education.<br/>A must-own text for all healthcare professionals.<br/> |
| 610 ## - SUBJECT ADDED ENTRY--CORPORATE NAME | |
| Corporate name or jurisdiction name as entry element | Computer |
| 9 (RLIN) | 216496 |
| 942 ## - ADDED ENTRY ELEMENTS (KOHA) | |
| Source of classification or shelving scheme | Dewey Decimal Classification |
| Koha item type | Donated Book |
| Withdrawn status | Lost status | Source of classification or shelving scheme | Damaged status | Not for loan | Home library | Current library | Date acquired | Vendor | Cost, normal purchase price | Bill number | Total Checkouts | Full call number | Barcode | Date last seen | Cost, replacement price | Bill Date | Koha item type |
|---|---|---|---|---|---|---|---|---|---|---|---|---|---|---|---|---|---|
| Dewey Decimal Classification | Sitabai Nargundkar College of Nursing Nagpur | Sitabai Nargundkar College of Nursing Nagpur | 23/01/2026 | Donated BY Switi Kolhe | 550.00 | IK#2025-26#00913 | 004 SRE | SNCN-DB-351 | 27/01/2026 | 550.00 | 27/01/2026 | Donated Book |